[Event "La Pampa op"]
[Site "La Pampa"]
[Date "2022.03.06"]
[Round "6"]
[White "Llanos, Joaquin"]
[Black "Lesnaberes, Dario"]
[Result "1/2-1/2"]
[WhiteElo "1872"]
[BlackElo "1771"]
[PlyCount "130"]
[EventDate "2022.03.04"]
[EventType "swiss"]
[EventRounds "7"]
[EventCountry "ARG"]
[SourceTitle "CBM 207 Extra"]
[Source "ChessBase"]
[SourceDate "2022.05.31"]
[SourceVersion "1"]
[SourceVersionDate "2022.05.31"]
[SourceQuality "1"]

1. e4 e6 2. Nf3 d5 3. e5 c5 4. b4 cxb4 5. d4 Bd7 6. a3 bxa3 7. Bxa3 Bxa3 8. Rxa3 Nc6 9. c3 f6 10. exf6 Nxf6 11. Bd3 0-0 12. 0-0 Qe7 13. Re1 Ng4 14. h3 Nh6 15. Ra2 Nf5 16. Nbd2 Nh4 17. Ne5 Nxe5 18. Rxe5 Qf6 19. Nb3 Ba4 20. Bxh7+ Kxh7 21. Qc2+ Qg6 22. Rh5+ Kg8 23. Qxg6 Nxg6 24. Rxa4 Nf4 25. Re5 b6 26. Re3 a5 27. Kh2 Rac8 28. Nd2 Ra8 29. Nb3 Rac8 30. Ra2 Rc6 31. g3 Ng6 32. Nc1 e5 33. Rd2 exd4 34. Rxd4 Rxf2+ 35. Kg1 Rcf6 36. Nd3 Rc2 37. Ne1 Rc1 38. Rxd5 Rc6 39. Rb5 a4 40. Rf5 Rc8 41. Rf2 a3 42. c4 Ra8 43. Ra2 Rxc4 44. Raxa3 Rxa3 45. Rxa3 Ne5 46. Rb3 Rc1 47. Kf2 Nc4 48. Rb4 Rc3 49. Ng2 Rc2+ 50. Kf1 Rc1+ 51. Ne1 Ne3+ 52. Kf2 Rxe1 53. Rxb6 Nc2 54. Rc6 Re2+ 55. Kxe2 Nd4+ 56. Ke3 Nxc6 57. Ke4 Kf7 58. Kf5 Nd4+ 59. Ke4 Ne6 60. Kf5 g6+ 61. Ke5 Ng5 62. h4 Nf3+ 63. Kf4 Nd4 64. h5 Ne6+ 65. Kg4 gxh5+ 1/2-1/2

[Event "La Pampa op"]
[Site "La Pampa"]
[Date "2022.03.04"]
[Round "2"]
[White "Carrizo, Victor"]
[Black "Lesnaberes, Dario"]
[Result "0-1"]
[WhiteElo "1583"]
[BlackElo "1771"]
[PlyCount "86"]
[EventDate "2022.03.04"]
[EventType "swiss"]
[EventRounds "7"]
[EventCountry "ARG"]
[SourceTitle "CBM 207 Extra"]
[Source "ChessBase"]
[SourceDate "2022.05.31"]
[SourceVersion "1"]
[SourceVersionDate "2022.05.31"]
[SourceQuality "1"]

1. e4 e6 2. d3 d5 3. Nd2 Nf6 4. Be2 c5 5. Ngf3 Nc6 6. c3 Be7 7. 0-0 0-0 8. Re1 dxe4 9. dxe4 e5 10. Qc2 a6 11. a4 h6 12. Nf1 Be6 13. Ne3 Qc7 14. Nh4 Rfd8 15. Nhf5 Bf8 16. Bc4 Na5 17. b3 Nxc4 18. bxc4 Qc6 19. f3 b5 20. Nd5 Bxf5 21. Nxf6+ Qxf6 22. exf5 bxc4 23. Qe4 Rab8 24. g4 Rd3 25. Re3 Rd1+ 26. Re1 Qd6 27. Be3 Rxa1 28. Rxa1 Qd3 29. Qxe5 Bd6 30. Qe4 Qe2 31. Bf2 Bxh2+ 32. Kg2 Re8 33. Qc6 Rb8 34. Re1 Qd2 35. Re8+ Kh7 36. f6 Rb2 37. Qxc5 Bd6 38. Qd4 Qxd4 39. cxd4 c3 40. fxg7 Kxg7 41. Rc8 c2 42. Rc6 Bf4 43. d5 c1Q 0-1

[Event "La Pampa Pico Cup"]
[Site "La Pampa"]
[Date "2021.12.04"]
[Round "3"]
[White "Garcia, Cristian1111"]
[Black "Lesnaberes, Dario"]
[Result "0-1"]
[WhiteElo "1374"]
[BlackElo "1817"]
[PlyCount "64"]
[EventDate "2021.12.03"]
[EventType "swiss"]
[EventRounds "6"]
[EventCountry "ARG"]
[SourceTitle "CBM 205 Extra"]
[Source "ChessBase"]
[SourceDate "2022.01.31"]
[SourceVersion "1"]
[SourceVersionDate "2022.01.31"]
[SourceQuality "1"]

1. Nf3 d5 2. d4 Bf5 3. e3 e6 4. b3 Nf6 5. Bb2 Ne4 6. a3 Be7 7. Be2 0-0 8. Nbd2 c5 9. c4 Nc6 10. 0-0 Bf6 11. Ne5 Bxe5 12. dxe5 Nxd2 13. Qxd2 dxc4 14. Qxd8 Rfxd8 15. Bxc4 Bd3 16. Rfd1 Bxc4 17. bxc4 Na5 18. Bc3 Nxc4 19. a4 a6 20. g3 b5 21. axb5 Rxd1+ 22. Rxd1 axb5 23. Kf1 b4 24. Ba1 b3 25. Bc3 b2 26. Ke2 Kf8 27. Rb1 Rd8 28. Bxb2 Rd2+ 29. Ke1 Rxb2 30. Rxb2 Nxb2 31. Kd2 Nc4+ 32. Kd3 Nxe5+ 0-1

[Event "ARG-ch sf U2000"]
[Site "Villa Carlos Paz"]
[Date "2018.06.30"]
[Round "1.5"]
[White "Gallo, Juan Carlos"]
[Black "Lesnaberes, Dario"]
[Result "0-1"]
[WhiteElo "1495"]
[BlackElo "1773"]
[PlyCount "84"]
[EventDate "2018.06.30"]
[EventType "swiss"]
[EventRounds "5"]
[EventCountry "ARG"]
[SourceTitle "EXT 2024"]
[Source "ChessBase"]
[SourceDate "2023.10.10"]
[SourceVersion "1"]
[SourceVersionDate "2023.10.10"]
[SourceQuality "1"]

1. e4 e6 2. d4 d5 3. Nd2 c5 4. c3 cxd4 5. cxd4 dxe4 6. Nxe4 Bb4+ 7. Nc3 Nc6 8. Nf3 Nf6 9. a3 Ba5 10. b4 Bb6 11. Ne2 e5 12. Bb2 e4 13. Ng5 0-0 14. Nc3 Qxd4 15. Qxd4 Bxd4 16. Bc4 Ne5 17. Be2 h6 18. Nh3 Bxh3 19. gxh3 Rac8 20. Rc1 Rfe8 21. 0-0 e3 22. f3 Nd3 23. Bxd3 e2+ 24. Kg2 exf1Q+ 25. Bxf1 Bxc3 26. Rxc3 Rxc3 27. Bxc3 Nd5 28. Bd4 Ne3+ 29. Kf2 Nxf1 30. Kxf1 a6 31. a4 Rd8 32. Be3 Rd3 33. Ke2 Rb3 34. Bc5 f5 35. Kd2 Rxf3 36. h4 Ra3 37. a5 Kf7 38. Ke2 Ke6 39. Kf2 Kd5 40. Bf8 Ke4 41. Bxg7 Ra2+ 42. Kg3 f4+ 0-1

[Event "ARG-ch sf U2300 Collo Memorial"]
[Site "Murphy"]
[Date "2018.06.09"]
[Round "3.4"]
[White "Lesnaberes, Dario"]
[Black "Gutierrez Reich, Francisco"]
[Result "1-0"]
[WhiteElo "1773"]
[BlackElo "1694"]
[PlyCount "59"]
[EventDate "2018.06.09"]
[EventType "swiss"]
[EventRounds "6"]
[EventCountry "ARG"]
[SourceTitle "EXT 2024"]
[Source "ChessBase"]
[SourceDate "2023.10.10"]
[SourceVersion "1"]
[SourceVersionDate "2023.10.10"]
[SourceQuality "1"]

1. d4 g6 2. Nf3 Bg7 3. Bf4 d6 4. e3 Nc6 5. Bc4 Nf6 6. Nbd2 0-0 7. 0-0 Nd7 8. c3 e5 9. Bg5 Qe8 10. Qc2 h6 11. Qxg6 Ne7 12. Bxe7 Qxe7 13. dxe5 Nxe5 14. Nxe5 Qxe5 15. Qe4 Qh5 16. Nf3 c6 17. Bd3 f5 18. Qe7 d5 19. Rfe1 Rf7 20. Qe8+ Kh7 21. Ne5 Bxe5 22. Qxe5 Rg7 23. Be2 Qg5 24. g3 Bd7 25. h4 Qxh4 26. Qxg7+ Kxg7 27. gxh4 Kf6 28. f4 Re8 29. Kf2 Re7 30. Bh5 1-0